000 00399nam a2200157Ia 4500
008 230524s9999 xx 000 0 und d
082 _a621.381
_bVAN
100 _aR.Venkataraman
245 0 _aPulse Digital Circuits And Computer Fundamentals
250 _a1ST
260 _aNEW DELHI
_bDhanpat Rai
_c2003
300 _a6.109
500 _aQuantity Number: 2
650 _aComp-Sc
942 _cBK
999 _c22840
_d22840